000 00592nam a2200181Ia 4500
003 GCL
008 140319s9999 xx 000 0 ara d
040 _aGCL /
_cGCL
082 0 4 _a370.15
_bم ت
100 1 _aمقداد يالجن
245 1 0 _aتوجية المتعلم الى منهاج التعلم فى ضوء التفكير التربوى والاسلامى /
_cمقداد يالجن
300 _a224 ص
490 _aسلسلة كتاب تربيتنا
_v0
650 0 4 _aالتعليم
650 0 4 _aالتربية
650 0 4 _aعلم النفس التربوى
942 _2ddc
_cBK
999 _c41499
_d41499